00698nam a2200193Ia 450000500170000000800410001708200190005811000300007724501120010725000190021930000440023865000300028265000330031226400360034533600270038133700330040833800280044104000350046920220317001231.0160825s2003 ck a g 000 0 spa 04a394.5861bF85f2 aFundación BAT. Colombia1 aXX Festival Nacional de la Cumbia, El Banco - Magdalena (junio 26 al 29 de 2003)cFundación BAT. Colombia a1a. edición  a[10] páginas bilustraciones c21 cm 142LEMBaFolclor colombiano 142LEMBaFestivales zColombia  aBogotábFundación BATc2003 atextobtxt2rdacontent asin mediaciónbn2rdamedia avolumenbnc2rdacarrier aCO-BoRNBPbspaerdacCO-BoRNBP